Detalles MARC
| 000 -LIDER |
| fixed length control field |
01769nam a22003257a 4500 |
| 003 - IDENTIFICACDOR DE NÚMERO DE CONTROL |
| control field |
DO-SdBNP |
| 005 - DATE AND TIME OF LATEST TRANSACTION |
| control field |
20180314140658.0 |
| 008 - ELEMENTOS DE LONGITUD FIJA |
| fixed length control field |
160512b 2011 dr a 00| 0 spa d |
| 020 ## - ISBN |
| International Standard Book Number |
9789945173659 |
| 040 ## - FUENTE DE CATALOGACIÓN |
| Agencia que crea de manera original el registro |
BPMSU |
| Idioma de catalogación |
spa |
| Agencia que realiza la transcripción |
BPMSU |
| 082 #4 - NÚMERO DE CLASIFICACIÓN DECIMAL DE DEWEY |
| Classification number |
373.54 |
| Item number |
Q69 2011 |
| 245 ## - MENCIÓN DE TITULO |
| Título |
Química : |
| Subtítulo |
[educación media] / |
| Mención de responsabilidad |
Horacio Arredondo ... [et al.] ; dirección editorial Cristina Amiama Espaillat ; coordinación editorial Mónica Volonteri ; ilustración Henry Cid ... [et al.]. |
| 246 1# - VARIACION DEL TÍTULO |
| Título propiamente dicho o título corto |
Química : |
| Subtítulo |
nivel medio |
| 260 ## - PUBLICACIÓN, DISTRIBUCIÓN, ETC. (PIE DE IMPRENTA) |
| Lugar de publicación, distribución, etc |
Santo Domingo : |
| Nombre del editor, distribuidor, etc. |
SM, |
| Fecha de publicación, distribución, etc |
2011. |
| 300 ## - DESCRIPCIÓN FÍSICA |
| Extensión |
296 p. : |
| Otros detalles físicos |
il., retrs. ; |
| Dimensiones |
29 cm. |
| 504 ## - NOTA DE BIBLIOGRAFÍA, ETC. |
| Bibliography, etc |
Bibliografía : p. 296 |
| 505 ## - NOTA DE CONTENIDO |
| Título |
Materia y energía -- |
| -- |
Clasificación y estructura de la materia -- |
| -- |
Agrupaciones de átomos -- |
| -- |
Sistemas de materiales y aplicaciones -- |
| -- |
Reacciones químicas -- |
| -- |
Formulas y funciones químicas -- |
| -- |
Bloques s, p, d y f -- |
| -- |
Química y medio ambiente -- |
| -- |
Introducción a la química orgánica -- |
| -- |
Hidrocarburos -- |
| -- |
Alcoholes, aldehídos y cetonas -- |
| -- |
Ácidos carboxílicos, ésteres y éteres -- |
| -- |
Halogenuros y nitrogenados -- |
| -- |
Glúcidos, lípidos, proteínas y ácidos nucleicos. |
| -- |
Anexos -- |
| -- |
Diccionario científico -- |
| -- |
Sistema periódico de los elementos. |
| 650 #4 - ENCABEZAMIENTO DE MATERIA--TEMÁTICO |
| Término temático o nombre geográfico como elemento de entrada |
QUÍMICA |
| Subdivisión temática general |
ENSEÑANZA SECUNDARIA |
| 650 #4 - ENCABEZAMIENTO DE MATERIA--TEMÁTICO |
| Término temático o nombre geográfico como elemento de entrada |
QUÍMICA |
| Subdivisión temática general |
EDUCACIÓN SECUNDARIA |
| 650 #4 - ENCABEZAMIENTO DE MATERIA--TEMÁTICO |
| Término temático o nombre geográfico como elemento de entrada |
QUÍMICA |
| Subdivisión temática general |
ESTUDIOS Y EJERCICIOS |
| 650 #4 - ENCABEZAMIENTO DE MATERIA--TEMÁTICO |
| Término temático o nombre geográfico como elemento de entrada |
QUÍMICA |
| Subdivisión temática general |
LIBROS DE TEXTOS |
| 650 #4 - ENCABEZAMIENTO DE MATERIA--TEMÁTICO |
| Término temático o nombre geográfico como elemento de entrada |
EDUCACIÓN SECUNDARIA |
| Subdivisión geográfica |
REPÚBLICA DOMINICANA |
| 700 12 - ASIENTO SECUNDARIO -- NOMBRE PERSONAL |
| Nombre personal |
Arredondo, Horacio |
| 700 1# - ASIENTO SECUNDARIO -- NOMBRE PERSONAL |
| Nombre personal |
Amiama Espaillat, Cristina, |
| Mención de responsabilidad |
ed. |
| 700 1# - ASIENTO SECUNDARIO -- NOMBRE PERSONAL |
| Nombre personal |
Cid, Henry, |
| Mención de responsabilidad |
il. |
| 910 ## - VALIDACIÓN |
| Validación |
Validado. Control de calidad MFF |
| 942 ## - ADDED ENTRY ELEMENTS (KOHA) |
| Source of classification or shelving scheme |
Dewey Decimal Classification |
| Koha item type |
Libros |
| 945 ## - INFORMACIÓN DE PROCESAMIENTO LOCAL |
| Información de procesamiento local |
Remanejado para la BNPHU / 2018 BT |
| 956 ## - LOCAL ELECTRONIC LOCATION AND ACCESS (OCLC) |
| Nombre de host |
BTAVAREZ |
| Número de acceso |
10 |
| Información de compresión |
20170228 |
| Procesador de solicitud |
BPMSU |
| Nombre Electrónico |
0038 |